000 05800cam a22018854i 4500
003 PE-LiUPU
005 20250813165332.0
008 151127s2007 ag a rb 000 0 spa d
020 _a8490067570
020 _a9788490067574
035 _a(Sirsi) i9788490067574
040 _aPE-LiUPU
_bspa
_cPE-LiUPU
_erda
049 _aPRUA
082 0 4 _a612.39
_bC22
100 1 _aCampillo Soto, Álvaro,
_d1978- ,
_eautor.
245 1 0 _aAlimentación para deportistas :
_bcómo (y por qué) la alimentación puede mejorar el rendimiento de un atleta de cualquier nivel /
_cÁlvaro Campillo Soto, José Antonio García López.
250 _aPrimera edición.
264 1 _aBarcelona :
_bRBA,
_c2013.
300 _a159 páginas :
_bilustraciones ;
_c22 centímetros
336 _atext
_2rdacontent
337 _aunmediated
_2rdamedia
338 _avolume
_2rdacarrier
504 _aBibliografía : páginas 149-159.
505 0 _aA modo de introducción. Este no es otro libro de nutrición para deportistas más -- Manual de iniciación. Conceptos básicos sobre nutrición y fisiología del deporte -- El deporte, ¡ese potente medicamento! Sobre beneficios, riesgos y efectos secundarios del ejercicio físico para la salud -- La hora sí importa. Sobre cómo mejorar nuestro rendimiento deportivo y reducir las lesiones gracias a la cronobiología -- Cuando los hidratos de carbono dominaron el mundo. Sobre cómo la ignorancia científica y los intereses económicos nos han hecho creer que los músculos solo se alimentan de azúcar -- Las proteínas y las grasas son nuestras amigas. Sobre la importancia de las proteínas para mantener un cuerpo sano y fuerte y de las grasas como combustible y reparador celular -- Beneficios de la keto-adaptación para el organismo. Sobre las ventajas del metabolismo lipolítico y la cetosis no solo para nuestra vida diaria, sino también para el deporte y su recuperación -- Dígame sus objetivos... y le diré cómo conseguirlos. Como diseñar y seguir tu plan personal de nutrición -- ¡A los fogones! Algunos trucos y recetas fáciles, rápidas y sabrosas.
526 _aP203
526 _aP200
526 _aSEG65
526 _aSEG64
526 _aSEG63
526 _aSEG62
526 _aSEG61
526 _aSEG60
526 _aSEG59
526 _aSEG58
526 _aSEG57
526 _aSEG56
526 _aSEG55
526 _aSEG54
526 _aSEG53
526 _aSEG52
526 _aSEG51
526 _aSEG50
526 _aSEG49
526 _aSEG48
526 _aSEG47
526 _aSEG46
526 _aSEG24
526 _aSEG23
526 _aSEG22
526 _aSEG21
526 _aSEG20
526 _aSEG19
526 _aSEG18
526 _aSEG17
526 _aSEG16
526 _aSEG14
526 _aSEG13
526 _aSEG12
526 _aSEG11
526 _aSEG10
526 _aSEG09
526 _aSEG06
526 _aSEG05
526 _aSEG04
526 _aSEG03
526 _aSEG02
526 _aSEG68
526 _aSEG66
526 _aSEG45
526 _aSEG25
526 _aSEG01
526 _aP163
526 _aP162
526 _aP161
526 _aP160
526 _aP159
526 _aP158
526 _aP157
526 _aP156
526 _aP155
526 _aP154
526 _aP153
526 _aP152
526 _aP151
526 _aP150
526 _aP149
526 _aP142
526 _aP141
526 _aP140
526 _aP139
526 _aP138
526 _aP137
526 _aP132
526 _aP131
526 _aP130
526 _aP126
526 _aP125
526 _aP124
526 _aP123
526 _aP115
526 _aP122
526 _aP121
526 _aP116
526 _a P114
526 _aP112
526 _aP111
526 _aP104
526 _aP103
526 _aP102
526 _aP101
526 _aP100
526 _aP96
526 _aP95
526 _aP93
526 _aP92
526 _aP91
526 _aP88
526 _aP83
526 _aP82
526 _aP79
526 _aP78
526 _aP75
526 _aP74
526 _aP71
526 _aP69
526 _a P51
526 _aP49
526 _aP48
526 _aP47
526 _aP33
526 _aP31
526 _a P30
526 _aP29
526 _aP27
526 _aP26
526 _aP25
526 _aP24
526 _a P22
526 _aP10
526 _aP09
526 _a P08
526 _aP06
526 _aP05
526 _aP04
526 _aP01
541 _g001-003040;
650 1 4 _aDeportistas
_xAlimentación.
650 2 4 _aDeportistas
_xNutrición.
650 2 4 _aFisiología del ejercicio.
700 1 _aGarcía López, José Antonio,
_eautor.
910 _ardg
_bjck
_crdg
_d20151127
942 _2ddc
_cBOOK
949 _a612.39 C22
_wDEWEY
_c1
_i72235
_d2016-10-7
_e2016-10-3
_lCCODEBUL1
_mBUL
_n2
_p20.29
_r0
_sY
_tBOOK
_u2015-11-27
_xSALUD
_PP33
_0COMPRA
_o.STAFF. Colección General
949 _a612.39 C22
_wDEWEY
_c2
_i73687
_d2016-9-26
_e2016-9-21
_lCCODEBUL1
_mBUL
_n3
_p20.00
_r0
_sY
_tBOOK
_u2016-6-13
_xSALUD
_PP33
_0COMPRA
_o.STAFF. Coleccion General
994 _aC0
_bPEPRU
596 _a1
999 _a612.39 C22
_wDEWEY
_c8020
_i72235
_d8020
_e2019-8-11
_f2021-11-3
_g4
_lCCODEBUL1
_mBUL
_n4
_p20.29
_q3
_r0
_sY
_tBOOK
_u2015-11-27
_xSALUD
_PP33
_0COMPRA
_o.STAFF. Colección General
999 _a612.39 C22
_wDEWEY
_c2
_i73687
_d2018-10-3
_e2018-10-3
_f2021-11-3
_g5
_lCCODEBUL1
_mBUL
_n4
_p20.00
_q2
_r0
_sY
_tBOOK
_u2016-6-13
_xSALUD
_PP33
_0COMPRA
_o.STAFF. Coleccion Ciencias de la Salud
980 _81
_gALBERTO SANCHEZ Responsable de Automatización